=LDR 00000nam 2200000 4500 =001 000889 =005 20250712115855 =035 ##$$a 0010-0725000767 =007 ta =008 250712################a##########0#ind## =020 ##$$a 978-602-1101-55-1 =082 ##$$a 398.209 598 =084 ##$$a 398.209 598 ZUL m =100 #$$a Zulkarnaen =245 1#$$a Memata /$c Zulkarnaen =260 ##$$a Bandung :$b Yayasan Litara,$c 2021 =300 ##$$a 24 hlm. : $b ilus. ; $c 29,7 cm =856 ##$$a TBM As Suhada =990 ##$$a TBM202400691